Chicken soup for every mom's soul : (Record no. 27223)

MARC details
000 -LEADER
fixed length control field 01025nam a22002534a 4500
005 - DATE AND TIME OF LATEST TRANSACTION
control field 20090604140623.0
008 - FIXED-LENGTH DATA ELEMENTS--GENERAL INFORMATION
fixed length control field 041130s2005 nyua 000 0 eng
010 ## - LCCN (DPL NO)
LC control number ENG-93868
020 ## - INTERNATIONAL STANDARD BOOK NUMBER
International Standard Book Number 9788189975951
Terms of availability 275.00
035 ## - SYSTEM CONTROL NUMBER
System control number EN-77401
037 ## - SOURCE OF ACQUISITION
Source of stock number/acquisition DBAD / PUB
040 ## - CATALOGING SOURCE
Original cataloging agency dpl
Language of cataloging English
082 ## - DEWEY DECIMAL CLASSIFICATION NUMBER
Classification number 306.8743
245 ## - TITLE STATEMENT
Title Chicken soup for every mom's soul :
Remainder of title new stories of love and inspiration for moms of all ages /
Statement of responsibility, etc Jack Canfield ... [et al.]
260 ## - PUBLICATION, DISTRIBUTION, ETC. (IMPRINT)
Place of publication, distribution, etc New Delhi
Name of publisher, distributor, etc Westland
Date of publication, distribution, etc 2005
270 ## - ADDRESS
Address F-5, Okhla Industrial Area, Phase-I, Mezzanine Floor,
City New Delhi
Postal code 110020
300 ## - PHYSICAL DESCRIPTION
Extent xvii, 366 p. :
Other physical details ill. ;
Dimensions 22 cm(pbk)
650 ## - SUBJECT ADDED ENTRY--TOPICAL TERM
Topical term or geographic name as entry element Mothers
Form subdivision Anecdotes.
650 ## - SUBJECT ADDED ENTRY--TOPICAL TERM
Topical term or geographic name as entry element Motherhood
Form subdivision Anecdotes.
650 ## - SUBJECT ADDED ENTRY--TOPICAL TERM
Topical term or geographic name as entry element Mother and child
Form subdivision Anecdotes.
700 ## - ADDED ENTRY--PERSONAL NAME
Personal name Canfield, Jack,
942 ## - ADDED ENTRY ELEMENTS (KOHA)
Source of classification or shelving scheme Dewey Decimal Classification
Item type English Books
Classification part 306.8743
Call number suffix CHI
Holdings
Withdrawn status Lost status Source of classification or shelving scheme Damaged status Not for loan Collection code Home library Current library Date acquired Source of acquisition Cost, normal purchase price Total Checkouts Full call number Barcode Date last seen Copy number Cost, replacement price Koha item type
    Dewey Decimal Classification   Not For Loan Non-fiction D.B.Act.Division D.B.Act.Division 04/06/2009 DBAD / PUB 275.00   306.8743 CHI EN-77401 04/06/2009 1 275.00 English Books

© Delhi Public Library
Hit Counter
free hit counter